000 01757nam a2200397 c 4500
003 BLK
005 20241127173629.0
008 180411b bul|||||r ||||||| ||bul||
010 _aKNG00198744000
020 _a978-954-459-795-5
_bиздат.: Хермес
040 _aBLK
041 _aBUL
_cBUL
072 7 _2bullib
_aН83
_xЧужда художествена литература Н
080 _aАнглийска литература
_b821.111
_x-91-34
_z821.111-91-34
100 1 _aМаккориън, Джералдин
_eпърви автор
_991292
700 1 _aДограмаджян, Маргарита Месроб
_eпрев.
_963864
700 1 _aСтоилов, Борис
_eил.
_9363618
139 _aМаккориън, Джералдин
_bМ 19
245 1 0 _a[Деветдесет и девет] 99 златни митове и легенди от цял свят
_cДжералдин Маккориън; прев. Маргарита Месроб Дограмаджян; ил. Борис Стоилов.
250 _a2. изд.
257 _aGBR
260 Пловдив
_bХермес
_c2015
_fСофия : Алианс принт
300 _a415 с.
_c24 см
380 _aX
490 1 _aИмало едно време
500 _a1. изд. 2000. - Ориг. загл. Golden Myths and Legends of the World ; Silver Myths and Legends of the World / Geraldine McCaughrean. - Офс. изд.
653 _aмитове
653 _aлегенди
659 _aН
852 _aЦб 283811
856 4 _qpdf
_u
856 4 _qpdf
_u
942 _cKNG
_n0
_05
944 _aCR
_c23.12.2016
_lБояна Костадинова
_k30551
944 _aED
_c24.02.2017
_lф /
_kЛюдмила_Стоянова
999 _c189698
_d189698